ECONOMIE - CHAPITRE 3 - Statistiques

Statistiques générales
  • Ce quiz a été pris 52 fois
  • Le résultat moyen est 2 sur 13
Statistiques - réponses
Hint Réponse % Correct
La politique strcturelle a pour objectif d'améliorer les performances de l'économie (Vrai/Faux) Vrai
100%
Système de régulation et de subvention pour moderniser l'agriculture Politique Agricole Commune
30%
Politique empêchant de créer un déséquilibre entre plusieurs entreprises Politique de la concurrence
16%
2- utilisation des ressources plus vertes et plus compétitives : Croissance durable
12%
Politique de financement de la recherche : Politique de l'innovation
9%
Politique qui lutte notament contre la pollution de l'air, de l'eau... Politique de l'environnement
7%
Politique qui traite l'emploi, les conditions de travail, la protection sociale... Politique sociale
7%
2- Attractivité de régions Compétitivité régionale de l'emploi
5%
A succédé à la stratégie de Lisbonne en 2010 : Europe 2020
5%
Objectifs de la politique de cohésion européenne1- Aider les régions en retard de développement Convergence
2%
3-Promouvoir un développement harmonieux de l'UE Coopération territoriale
0%
3- encourage l'emploi tout en favorisant la cohésion sociale et territoriale Croissance inclusive
0%
Cette stratégie est centrée sur trois priorités : 1- fondée sur la connaissance et l'innovation : Croissance intélligente
0%
Aucun quiz correspondant
Distribution des résultats
% des personnes avec chaque résultat
Percentile par nombre de réponses
Votre historique - résultats
Vous n’avez pas pris ce quiz